Canada, Hudson Strait and Bay.

Bibliographic Details
Corporate Authors: Canadian Hydrographic Service, United States. National Imagery and Mapping Agency
Format: Government Document Map
Language:English
Published: [Bethesda, Md.] : National Imagery and Mapping Agency ; [1997]
Edition:3rd ed., Apr. 12, 1997 (Correct through NM 15/97).
Series:International chart series ; INT 406.
Subjects:

MARC

Tag First Indicator Second Indicator Subfields
LEADER 00000cem a2200000 a 4500
001 in00001402770
005 20151020052150.0
007 aj canzn
008 970821s1997 mdugek bd a f 0 eng d
010 |a gp 97067410  
034 1 |a a  |b 3500000  |d W0950000  |e W0620000  |f N0644000  |g N0510000 
035 |a (OCoLC)37507596 
035 |9 AHM2884AM 
037 |a NSN 7642-01-400-9388  |b DOD 
037 |a WOAGN 111  |b NIMA 
040 |a GPO  |c GPO  |d DLC  |d MvI  |d UtOrBLW 
052 |a 3402  |b H8  |b H85 
074 |a 0378-E-30 
086 0 |a D 5.356:111/997 
110 2 |a Canadian Hydrographic Service. 
245 1 0 |a Canada, Hudson Strait and Bay. 
246 3 0 |a Hudson Strait and Bay 
250 |a 3rd ed., Apr. 12, 1997 (Correct through NM 15/97). 
255 |a Scale 1:3,500,000 (22⁰30ʹ) ;  |b Mercator proj.  |c (W 95⁰00ʹ--W 62⁰00ʹ/N 64⁰40ʹ--N 51⁰00ʹ) 
264 1 |a [Bethesda, Md.] :  |b National Imagery and Mapping Agency ;  |c [1997] 
264 2 |a [Riverdale, Md.] :  |b [NOAA Distribution Division, N/ACC3, National Ocean Service, distributor], 
300 |a 1 map :  |b color ;  |c 63 x 97 cm. 
336 |a cartographic image  |b cri  |2 rdacontent 
337 |a unmediated  |b n  |2 rdamedia 
338 |a sheet  |b nb  |2 rdacarrier 
490 1 |a International chart series ;  |v INT 406 
500 |a Depths shown by isolines and soundings. 
500 |a Relief shown by spot heights. 
500 |a "Canadian copyright law applies." 
500 |a "Depths in meters." 
500 |a Inset: James Bay, continuation at same scale. 
500 |a Includes 1995 magnetic variation curves in purple diagram. 
500 |a Cartographic material. 
650 0 |a Nautical charts  |z Hudson Bay. 
651 0 |a Hudson Bay  |x Navigation. 
651 0 |a Hudson Strait (Québec and Nunavut)  |x Navigation. 
651 0 |a James Bay (Nunavut)  |x Navigation. 
710 1 |a United States.  |b National Imagery and Mapping Agency. 
830 0 |a International chart series ;  |v INT 406. 
999 |a MARS 
999 f f |s 3dbb09df-7561-31c2-9eff-d8933c4ff489  |i bf676db0-6bc0-3650-b4b1-69a562ac1d17  |t 0 
952 f f |p normal  |a Texas A&M University  |b College Station  |c Sterling C. Evans Library  |d Evans: Maps (2nd floor)  |t 0  |e D 5.356:111/997  |h Superintendent of Documents classification  |i unmediated -- sheet  |m A14824682978 
998 f f |a D 5.356:111/997  |t 0  |l Evans: Maps (2nd floor)